Mi mama / (Record no. 21292)

MARC details
000 -LEADER
fixed length control field 01193cam a2200325Ka 4500
001 - CONTROL NUMBER
control field 54367714
003 - CONTROL NUMBER IDENTIFIER
control field OCoLC
005 - DATE AND TIME OF LATEST TRANSACTION
control field 20180910170129.0
008 - FIXED-LENGTH DATA ELEMENTS--GENERAL INFORMATION
fixed length control field 040206s1998 nyua b 000 1 eng d
020 ## - INTERNATIONAL STANDARD BOOK NUMBER
International Standard Book Number 0590631373 (pbk.)
020 ## - INTERNATIONAL STANDARD BOOK NUMBER
International Standard Book Number 9780590631372 (pbk.)
040 ## - CATALOGING SOURCE
Original cataloging agency WIM
Transcribing agency WIM
Modifying agency JTE
041 ## - LANGUAGE CODE
Language code of text/sound track or separate title spa
100 1# - MAIN ENTRY--PERSONAL NAME
Personal name Alexander, Francie.
245 10 - TITLE STATEMENT
Title Mi mama /
Statement of responsibility, etc. escrito por Francie Alexander y Jesus Cervantes ; ilustrado por Carlos E. Bernales.
260 ## - PUBLICATION, DISTRIBUTION, ETC. (IMPRINT)
Place of publication, distribution, etc. New York :
Name of publisher, distributor, etc. Scholastic,
Date of publication, distribution, etc. c1998.
300 ## - PHYSICAL DESCRIPTION
Extent 7 p. :
Other physical details ill. ;
Dimensions 18 cm.
490 1# - SERIES STATEMENT
Series statement Cuentos foneticos de Scholastic ;
Volume/sequential designation 2.
520 ## - SUMMARY, ETC.
Summary, etc. A girl tells of her mother loves her, her brother, and their cat and how they all love mother in return. Words which will give readers practice using the letter "m" in are used in the story.
546 ## - LANGUAGE NOTE
Language note In Spanish.
650 #0 - SUBJECT ADDED ENTRY--TOPICAL TERM
Topical term or geographic name as entry element Mothers
Form subdivision Juvenile fiction.
650 #0 - SUBJECT ADDED ENTRY--TOPICAL TERM
Topical term or geographic name as entry element Mother and child
Form subdivision Juvenile fiction.
650 #0 - SUBJECT ADDED ENTRY--TOPICAL TERM
Topical term or geographic name as entry element Cats
Form subdivision Juvenile fiction.
650 #0 - SUBJECT ADDED ENTRY--TOPICAL TERM
Topical term or geographic name as entry element Reading
General subdivision Phonetic method.
650 #1 - SUBJECT ADDED ENTRY--TOPICAL TERM
Topical term or geographic name as entry element Spanish language materials.
700 1# - ADDED ENTRY--PERSONAL NAME
Personal name Cervantes, Jesus P.
700 1# - ADDED ENTRY--PERSONAL NAME
Personal name Bernales, Carlos E.
Relator code ill.
830 #0 - SERIES ADDED ENTRY--UNIFORM TITLE
Uniform title Cuentos foneticos de Scholastic ;
Volume number/sequential designation 2.
942 ## - ADDED ENTRY ELEMENTS (KOHA)
Koha item type Libro/Book
Holdings
Withdrawn status Lost status Source of classification or shelving scheme Damaged status Not for loan Home library Current library Date acquired Total Checkouts Barcode Date last seen Price effective from Koha item type
    Dewey Decimal Classification     Las Brisas 1 -- Satellite Las Brisas 1 -- Satellite 14/05/2019   40001811 14/05/2019 14/05/2019 Libro/Book

Powered by Koha